| 000 | 01368nam a2200373Ia 4500 | ||
|---|---|---|---|
| 001 | ebr10095785 | ||
| 003 | CaPaEBR | ||
| 006 | m u | ||
| 007 | cr cn||||||||| | ||
| 008 | 940404s1995 enka sb 001 0ceng c | ||
| 010 | _z 94015681 | ||
| 020 | _z0203976355 | ||
| 020 | _z0415092620 (hbk.) : | ||
| 020 | _z0415092639 (pbk.) : | ||
| 040 |
_aCaPaEBR _cCaPaEBR |
||
| 035 | _a(OCoLC)61154140 | ||
| 050 | 1 | 4 |
_aRC438.6.T87 _bS67 1995eb |
| 100 | 1 |
_aSpensley, Sheila, _d1931- |
|
| 245 | 1 | 0 |
_aFrances Tustin _h[electronic resource] / _cSheila Spensley. |
| 260 |
_aLondon ; _aNew York : _bRoutledge, _c1995. |
||
| 300 |
_axiii, 154 p. : _bill. |
||
| 490 | 1 | _aThe makers of modern psychotherapy | |
| 504 | _aIncludes bibliographical references and index. | ||
| 533 |
_aElectronic reproduction. _bPalo Alto, Calif. : _cebrary, _d2009. _nAvailable via World Wide Web. _nAccess may be limited to ebrary affiliated libraries. |
||
| 600 | 1 | 0 | _aTustin, Frances. |
| 650 | 0 | _aAutism in children. | |
| 650 | 0 | _aChild analysis. | |
| 650 | 0 |
_aPsychoanalysis _vBiography. |
|
| 650 | 0 | _aPsychoses in children. | |
| 655 | 7 |
_aElectronic books. _2local |
|
| 710 | 2 | _aebrary, Inc. | |
| 830 | 0 | _aMakers of modern psychotherapy. | |
| 856 | 4 | 0 |
_uhttp://site.ebrary.com/lib/rucke/Doc?id=10095785 _zAn electronic book accessible through the World Wide Web; click to view |
| 999 |
_c97996 _d97996 |
||